<?xml version="1.0" encoding="UTF-8"?>
<collection xmlns="http://www.loc.gov/MARC21/slim">
  <record>
    <leader>00000nam  2200000   4500</leader>
    <controlfield tag="001">INLIS000000000014623</controlfield>
    <controlfield tag="005">20220924082714</controlfield>
    <datafield tag="035" ind1="#" ind2="#">
      <subfield code="a">0010-0922001385</subfield>
    </datafield>
    <controlfield tag="001">INLIS000000000014622</controlfield>
    <controlfield tag="005">20220924082115</controlfield>
    <datafield tag="035" ind1="#" ind2="#">
      <subfield code="a">0010-0922001384</subfield>
    </datafield>
    <datafield tag="245" ind1="1" ind2="#">
      <subfield code="a">SAMBOJA HARUS BERSIH DAN SEHAT ( SAHABAT) KECAMATAN SAMBOJA KALIMANTAN TIMUR /</subfield>
      <subfield code="c">AHMAD NURKHALISH, S.Sos., M.Si</subfield>
    </datafield>
    <datafield tag="100" ind1="1" ind2="#">
      <subfield code="a">NURKHALISH, Ahmad</subfield>
    </datafield>
    <datafield tag="250" ind1="#" ind2="#">
      <subfield code="a">1</subfield>
    </datafield>
    <datafield tag="300" ind1="#" ind2="#">
      <subfield code="a">ix, 17 halaman :</subfield>
      <subfield code="b">ilustrasi ;</subfield>
      <subfield code="c">30 cm</subfield>
    </datafield>
    <datafield tag="260" ind1="#" ind2="#">
      <subfield code="a">Samarinda :</subfield>
      <subfield code="b">Puslatbang KDOD,</subfield>
      <subfield code="c">2021</subfield>
    </datafield>
    <datafield tag="084" ind1="#" ind2="#">
      <subfield code="a">PKA 084 2021</subfield>
    </datafield>
    <datafield tag="650" ind1="#" ind2="4">
      <subfield code="a">Proyek Perubahan</subfield>
    </datafield>
    <datafield tag="650" ind1="#" ind2="4">
      <subfield code="a">Administrator</subfield>
    </datafield>
    <datafield tag="650" ind1="#" ind2="4">
      <subfield code="a">sistem informasi</subfield>
    </datafield>
    <datafield tag="650" ind1="#" ind2="4">
      <subfield code="a">inovasi pemerintah</subfield>
    </datafield>
    <datafield tag="650" ind1="#" ind2="4">
      <subfield code="a">kerjasama pemerintah</subfield>
    </datafield>
    <datafield tag="650" ind1="#" ind2="4">
      <subfield code="a">kerjasama masyarakat</subfield>
    </datafield>
    <datafield tag="650" ind1="#" ind2="4">
      <subfield code="a">kebersihan lingkungan</subfield>
    </datafield>
    <datafield tag="650" ind1="#" ind2="4">
      <subfield code="a">penanganan sampah</subfield>
    </datafield>
    <datafield tag="520" ind1="#" ind2="#">
      <subfield code="a">Laporan proyek perubahan ini menjelaskan masalah pengangan sampah dengan mengoptimalkan kerja sama melalui program Tanggungjawab Sosial Perusahaan atau Program Pemberdayaan Masyarakat. Inovasi Samboja Harus Bersih dan Sehat ( SAHABAT) adalah usaha memperbaiki penanganan sampah baik dari segi pengelola maupun masyarakat dan perubahan perilaku menuju Perilaku Hidup Sehat dan Bersih (PHBS) dengan Perbaikan manajerial internal badan pengelola, pemenuhan sarana prasarana pendukung, mengupayakan dukungan anggaran yang bersumber dari pemerintah maupun swasta dan memasukkan program ke dalam skala prioritas APBD/APBN, Pendidikan dan penyuluhan kepada masyarakat yang terus menerus dalam bentuk pendampingan praktik penerapan langsung di lapangan untuk merubah pola pikir dan perilaku</subfield>
    </datafield>
    <datafield tag="500" ind1="#" ind2="#">
      <subfield code="a">Coach : Muhammad Abdi Rahman, S.Sos, M.Si&#13;
Penguji : Meita Ahadiyati Kartikaningsih, S.Si, MPP,Ph.D&#13;
Mentor : AKHMAD TAUFIK HIDAYAT, S.I.P., M.M</subfield>
    </datafield>
    <datafield tag="990" ind1="#" ind2="#">
      <subfield code="a">PKA/084/2021</subfield>
    </datafield>
  </record>
</collection>
